Statistics for 平成に誕生した市

Click here to take the quiz!

General Stats

  • This quiz has been taken 352 times
  • The average score is 76 of 162

Answer Stats

都道府県名市名市制施行日% Correct
茨城県つくばみらい市2006.3.27
73%
山梨県南アルプス市2003.4.1
72%
北海道北斗市2006.2.1
66%
栃木県さくら市2005.3.28
65%
青森県つがる市2005.2.11
65%
静岡県伊豆の国市2005.4.1
65%
群馬県みどり市2006.3.27
64%
山梨県甲斐市2004.9.1
64%
富山県南砺市2004.11.1
63%
山梨県北杜市2004.11.1
63%
滋賀県高島市2005.1.1
63%
香川県東かがわ市2003.4.1
62%
秋田県北秋田市2005.3.22
61%
秋田県にかほ市2005.10.1
61%
宮城県栗原市2005.4.1
60%
千葉県南房総市2006.3.20
60%
岐阜県飛騨市2004.2.1
59%
福井県あわら市2004.3.1
59%
愛知県あま市2010.3.22
59%
新潟県南魚沼市2004.11.1
59%
愛知県北名古屋市2006.3.20
58%
北海道北広島市1996.9.1
58%
岩手県滝沢市2014.1.1
58%
福島県伊達市2006.1.1
58%
滋賀県甲賀市2004.10.1
57%
茨城県かすみがうら市2005.3.28
57%
山梨県中央市2006.2.20
57%
静岡県伊豆市2004.4.1
57%
三重県いなべ市2003.12.1
57%
秋田県仙北市2005.9.20
56%
石川県野々市市2011.11.11
56%
京都府南丹市2006.1.1
56%
滋賀県米原市2005.2.14
56%
千葉県大網白里市2013.1.1
55%
山梨県上野原市2005.2.13
55%
京都府京丹後市2004.4.1
55%
新潟県魚沼市2004.11.1
55%
島根県雲南市2004.11.1
55%
茨城県鹿嶋市1995.9.1
55%
宮城県登米市2005.4.1
55%
徳島県三好市2006.3.1
54%
岐阜県郡上市2004.3.1
54%
静岡県御前崎市2004.4.1
54%
滋賀県湖南市2004.10.1
53%
北海道石狩市1996.9.1
53%
茨城県神栖市2005.8.1
52%
石川県かほく市2004.3.1
52%
和歌山県紀の川市2005.11.7
52%
青森県平川市2006.1.1
52%
愛知県みよし市2010.1.4
52%
愛知県長久手市2012.1.4
52%
茨城県常陸大宮市2004.10.16
52%
三重県志摩市2004.10.1
52%
滋賀県栗東市2001.10.1
52%
福井県坂井市2006.3.20
51%
岩手県八幡平市2005.9.1
51%
兵庫県南あわじ市2005.1.11
51%
宮城県富谷市2016.10.10
51%
栃木県那須烏山市2005.10.1
51%
徳島県吉野川市2004.10.1
51%
兵庫県加東市2006.3.20
50%
岡山県瀬戸内市2004.11.1
50%
香川県さぬき市2002.4.1
50%
兵庫県丹波市2004.11.1
50%
茨城県小美玉市2006.3.27
49%
静岡県牧之原市2005.10.11
49%
長崎県対馬市2004.3.1
49%
岡山県赤磐市2005.3.7
48%
滋賀県野洲市2004.10.1
48%
埼玉県白岡市2012.10.1
48%
兵庫県淡路市2005.4.1
48%
長崎県南島原市2006.3.31
48%
千葉県いすみ市2005.12.5
48%
愛媛県東温市2004.9.21
48%
千葉県印西市1996.4.1
48%
宮城県東松島市2005.4.1
47%
長野県安曇野市2005.10.1
47%
京都府木津川市2007.3.12
47%
福岡県那珂川市2018.10.1
47%
茨城県桜川市2005.10.1
47%
熊本県阿蘇市2005.2.11
47%
山梨県笛吹市2004.10.12
46%
新潟県胎内市2005.9.1
46%
岡山県美作市2005.3.31
46%
岐阜県下呂市2004.3.1
46%
茨城県守谷市2002.2.2
45%
長崎県壱岐市2004.3.1
45%
愛知県弥富市2006.4.1
45%
香川県三豊市2006.1.1
45%
兵庫県宍粟市2005.4.1
45%
広島県江田島市2004.11.1
45%
岐阜県海津市2005.3.28
45%
福島県田村市2005.3.1
45%
栃木県下野市2006.1.10
44%
奈良県宇陀市2006.1.1
44%
高知県香美市2006.3.1
44%
京都府京田辺市1997.4.1
44%
徳島県美馬市2005.3.1
44%
高知県香南市2006.3.1
43%
愛媛県西予市2004.4.1
43%
佐賀県嬉野市2006.1.1
43%
徳島県阿波市2005.4.1
43%
愛知県愛西市2005.4.1
43%
茨城県行方市2005.9.2
43%
愛知県田原市2003.8.20
43%
長野県東御市2004.4.1
43%
静岡県菊川市2005.1.17
43%
兵庫県養父市2004.4.1
42%
茨城県潮来市2001.4.1
42%
東京都羽村市1991.11.1
42%
新潟県阿賀野市2004.4.1
42%
岡山県真庭市2005.3.31
42%
茨城県那珂市2005.1.21
42%
千葉県八街市1992.4.1
42%
千葉県白井市2001.4.1
42%
福島県本宮市2007.1.1
42%
愛知県清須市2005.7.7
42%
大分県国東市2006.3.31
42%
鹿児島県南九州市2007.12.1
42%
和歌山県岩出市2006.4.1
41%
長崎県雲仙市2005.10.11
41%
秋田県潟上市2005.3.22
40%
茨城県稲敷市2005.3.22
40%
埼玉県吉川市1996.4.1
40%
長崎県西海市2005.4.1
40%
茨城県鉾田市2005.10.11
40%
広島県安芸高田市2004.3.1
40%
大阪府阪南市1991.10.1
40%
千葉県山武市2006.3.27
40%
岐阜県瑞穂市2003.5.1
39%
兵庫県篠山市1999.4.1
39%
熊本県上天草市2004.3.31
39%
岐阜県本巣市2004.2.1
39%
岡山県浅口市2006.3.21
39%
沖縄県豊見城市2002.4.1
38%
兵庫県朝来市2005.4.1
38%
大分県豊後大野市2005.3.31
38%
岐阜県山県市2003.4.1
38%
千葉県富里市2002.4.1
37%
石川県能美市2005.2.1
37%
沖縄県南城市2006.1.1
36%
鹿児島県姶良市2010.3.23
36%
奈良県香芝市1991.10.1
36%
福岡県うきは市2005.3.20
36%
佐賀県神埼市2006.3.20
36%
福岡県宮若市2006.2.11
35%
福岡県福津市2005.1.24
34%
熊本県宇城市2005.1.15
33%
埼玉県日高市1991.10.1
33%
大分県由布市2005.10.1
33%
愛知県日進市1994.10.1
32%
鹿児島県志布志市2006.1.1
32%
福岡県みやま市2007.1.29
31%
奈良県葛城市2004.10.1
31%
佐賀県小城市2005.3.1
30%
鹿児島県曽於市2005.7.1
30%
千葉県袖ケ浦市1991.4.1
30%
熊本県合志市2006.2.27
29%
埼玉県鶴ヶ島市1991.9.1
28%
鹿児島県日置市2005.5.1
26%
福岡県古賀市1997.10.1
26%
福岡県前原市1992.10.1
16%

Score Distribution

Percentile by Number Answered

Percent of People with Each Score

Your Score History

You have not taken this quiz